Pflege-Quiz - Statistiken

Allgemein
  • Dieses Quiz wurde 143 mal gespielt
  • Das Durchschnittsergebnis liegt bei 7 aus 10
Antwortstatistiken
Hint Antwort % Korrekt
Reguläre Ausbildungszeit einer Pflegefachkraft in Jahren 3
98%
Größtes Organ des Körpers Haut
98%
Welches Organ ist durch eine Hepatitis infiziert? Leber
89%
Flüssigkeit, welche bei einer Dialyse gefiltert wird Blut
81%
Minimale Dauer einer hygienischen Händedesinfektion in Sekunden 30
79%
Welche Krankheit wird durch das HI-Virus verursacht? AIDS
76%
Fachbegriff für ein "Druckgeschwür" Dekubitus
68%
Welches Organ produziert Insulin? (Fachbegriff) Pankreas
68%
Oberste Hautschicht Epidermis
59%
Bezeichnung für eine Körpertemperatur zwischen 37,5°C - 37,9°C Subfibril
18%
Keine übereinstimmenden Quizze gefunden
Verteilung der Resultate
Anzahl Personen mit jedem Resultat
Perzentil nach korrekt beantworteten Fragen
Ihre Resultats-Entwicklung
Sie haben dieses Quiz noch nicht gespielt